Oyster catchers (Record no. 227391)

MARC details
000 -LEADER
fixed length control field 00530nam a22002057a 4500
005 - DATE AND TIME OF LATEST TRANSACTION
control field 20260129144708.0
008 - FIXED-LENGTH DATA ELEMENTS--GENERAL INFORMATION
fixed length control field 230603b ||||| |||| 00| 0 eng d
020 ## - INTERNATIONAL STANDARD BOOK NUMBER
International Standard Book Number 0552136883
040 ## - CATALOGING SOURCE
Transcribing agency AL
041 ## - LANGUAGE CODE
Language code of text/sound track or separate title eng
082 ## - DEWEY DECIMAL CLASSIFICATION NUMBER
Edition number 23
Classification number 823.914
Item number GOWO
100 ## - MAIN ENTRY--PERSONAL NAME
Personal name Iris Gower
100 ## - MAIN ENTRY--PERSONAL NAME
9 (RLIN) 253151
245 ## - TITLE STATEMENT
Title Oyster catchers
260 ## - PUBLICATION, DISTRIBUTION, ETC.
Place of publication, distribution, etc. Britain
Name of publisher, distributor, etc. Corgi Books
Date of publication, distribution, etc. 1993
300 ## - PHYSICAL DESCRIPTION
Extent 384p
Other physical details PB
Dimensions 17x11cm
365 ## - TRADE PRICE
Source of price type code English
Price amount 4.99
Currency code £
Unit of pricing 4.99
650 ## - SUBJECT ADDED ENTRY--TOPICAL TERM
Topical term or geographic name entry element English Fiction
9 (RLIN) 119121
650 ## - SUBJECT ADDED ENTRY--TOPICAL TERM
Topical term or geographic name entry element English Literature
9 (RLIN) 119122
942 ## - ADDED ENTRY ELEMENTS (KOHA)
Source of classification or shelving scheme Dewey Decimal Classification
Koha item type Donated Books
Holdings
Withdrawn status Lost status Source of classification or shelving scheme Damaged status Not for loan Collection code Home library Current library Date acquired Total Checkouts Full call number Barcode Date last seen Cost, replacement price Price effective from Koha item type Public note
    Dewey Decimal Classification     English St Aloysius Library St Aloysius Library 06/01/2023   823.914 GOWO D04929 06/03/2023 512.00 06/03/2023 Donated Books Donated by Thilak Desingh Used Book Factory